000 00442nam a22001697a 4500
003 SISC
005 20160308084653.0
008 140221t xxu||||| |||| 00| 0 eng d
020 _a0099165511
050 _aPQ 9698
_b.C712 1988
100 _aCollins, Andrew
_930554
245 _aThe black alchemist /
_cAndrew Collins.
260 _aLondon :
_bABC books,
_c1988.
300 _a416 p. :
_bill. ;
_c17 cm.
942 _2lcc
_cBK
999 _c42317
_d42317